Determination of Characteristic Values of Soil Properties
Gespeichert in:
| 1. Verfasser: | |
|---|---|
| Weitere Verfasser: | |
| Format: | Manuskript Buch |
| Sprache: | Slowakisch Englisch |
| Veröffentlicht: |
2017
|
| Schlagworte: | |
| Online-Zugang: | http://is.stuba.sk/zp/portal_zp.pl?podrobnosti=133984 https://opac.crzp.sk/?fn=detailBiblioForm&sid=CBCDB6E5622FB9C0D15C4C28BE80 |
| Tags: |
Keine Tags, Fügen Sie das erste Tag hinzu!
|
MARC
| LEADER | 00000ntm a22000003a 4500 | ||
|---|---|---|---|
| 001 | stuzp63411 | ||
| 003 | SK-STU | ||
| 005 | 20230821134540.8 | ||
| 007 | ta | ||
| 008 | 150427s2015----xo-----f-mn---000-0-slo-d | ||
| 040 | |a STU |b slo | ||
| 041 | 0 | |a eng | |
| 100 | 1 | |a Švub, Matej |u 010150 |4 aut |U SvF Stavebná fakulta |T SvF Katedra geotechniky |X 55623 |U V150 |Y 15 |7 55623 | |
| 242 | 0 | 1 | |a Determinácia charakteristických hodnôt vlastností zemín |y slo |
| 245 | 1 | 0 | |a Determination of Characteristic Values of Soil Properties |
| 260 | |c 2017 | ||
| 650 | 4 | |a vlastnosti zemín |2 slo | |
| 650 | 4 | |a geotechnický návrh |2 slo | |
| 650 | 4 | |a Charakteristická hodnota |2 slo | |
| 650 | 4 | |a Characteristic value |2 eng | |
| 650 | 4 | |a soil properties |2 eng | |
| 650 | 4 | |a geotechnical design |2 eng | |
| 700 | 1 | |a Frankovská, Jana |u 010150 |k Z1 |4 ths |U SvF Stavebná fakulta |T SvF Katedra geotechniky |X 3849 |U V150 |Y 15 |7 A000003849 | |
| 856 | 4 | |u http://is.stuba.sk/zp/portal_zp.pl?podrobnosti=133984 | |
| 856 | 4 | |u https://opac.crzp.sk/?fn=detailBiblioForm&sid=CBCDB6E5622FB9C0D15C4C28BE80 | |